| 000 | 00850nam a2200265 a 4500 | ||
|---|---|---|---|
| 001 | BRL_1724 | ||
| 005 | 20190320211336.0 | ||
| 008 | 020628s2004####u--a######---#010-0#eng-d | ||
| 020 | _a0295984260 | ||
| 041 | _aeng | ||
| 044 | _au | ||
| 050 | 4 |
_aGT4180 _b.C37 2004 |
|
| 245 | 1 | 0 |
_a¡Carnaval! _cedited by Barbara Mauldin. |
| 260 |
_aSeattle _bUniversity of Washington Press, Museum of International Flok Art _c2004 |
||
| 300 |
_ax, 342 p. _bil. _c29 cm. |
||
| 500 | _aAu2191 | ||
| 500 | _aIncluye dedicatoria a Ruth Lechuga | ||
| 500 | _aCatálogo de la exposición realizada en el Museum of International Folk Art, november 19, 2004 to august 28, 2005 | ||
| 504 | _aBibliografía: p. 327-334 | ||
| 650 | 1 | 4 |
_aCarnaval _927734 |
| 650 | 1 | 4 |
_aMascaras _918335 |
| 700 | 1 |
_aMauldin, Barbara, _d1949- _927735 |
|
| 902 | _aGRL | ||
| 942 |
_2lcc _cB |
||
| 999 |
_c10532 _d10532 |
||